Aprecio y estima de la divina gracia / [por] Juan Eusebio Nieremberg

-д хадгалсан:
Номзүйн дэлгэрэнгүй
Үндсэн зохиолч: Nieremberg, Juan Eusebio, S.J (autor)
Формат: Ном
Нөхцлүүд:
Шошгууд: Шошго нэмэх
Шошго байхгүй, Энэхүү баримтыг шошголох эхний хүн болох!

MARC

LEADER 00000nam^a2200000^u^4500
001 000545028
005 20250521000000.0
008 060220s1000^^^^^^^^^^^^r^^^^^000^0^spa^d
009 20260310131341.288
035 |a FMI 000014380 
037 |a Acervo Xavier Clavigero 
096 |a 4.1/39/A 
100 |a Nieremberg, Juan Eusebio, S.J.  |e (autor) 
245 1 0 |a Aprecio y estima de la divina gracia / [por] Juan Eusebio Nieremberg 
264 |a Madrid : Apostolado de la Prensa, 1922 
300 |a 2 v. 
336 |a texto  |b txt  |2 rdacontenido 
337 |a sin mediación  |b n  |2 rdamedio 
338 |a volumen  |b nc  |2 rdasoporte 
649 |a XX 
650 |a ESPIRITUALIDAD ANTIGUA 
910 |a Fondo Francisco Migoya Covarrubias S.J. 
920 |a Impresos - Libros 
930 |a Fondos Especiales 
905 |a 134 
901 |a SBC13781  |b IT2  |c ESP  |u 20250521 
901 |a SBC13782  |b IT2  |c ESP  |u 20250521 
902 |a https://opac.biblio.iteso.mx/vufind/Record/000545028